Τα πρώτα πέντε παιδικά έτη : μετά συνοπτικού διαγράμματος της ψυχολογίας του αναπτυσσόμενου ανθρώπου από γεννήσεως μέχρι ενηλικιώσεως
Saved in:
| Main Author: | |
|---|---|
| Format: | Book |
| Language: | Greek |
| Published: |
[Αθήναι] :
Χριστιανική Ένωσις Εκπαιδευτικών Λειτουργών,
[1969].
|
| Edition: | 3η έκδ. βελτιωθείσα και λίαν επαυξηθείσα. |
| Subjects: | |
| Tags: |
Add Tag
No Tags, Be the first to tag this record!
|
MARC
| LEADER | 00000cam a2200000 a 4500 | ||
|---|---|---|---|
| 001 | 1/119777 | ||
| 008 | 190806s1969####gr | ||| |||| ||gre|| | ||
| 040 | |a GR-MyUa |b gre |c GR-MyUa |e AACR2 | ||
| 041 | 0 | |a gre | |
| 082 | 7 | |a 155.4 |2 (23) | |
| 100 | 1 | |a Καλλιάφας, Σπυρίδων Μ., |d 1885-1964. | |
| 245 | 1 | 3 | |a Τα πρώτα πέντε παιδικά έτη : |b μετά συνοπτικού διαγράμματος της ψυχολογίας του αναπτυσσόμενου ανθρώπου από γεννήσεως μέχρι ενηλικιώσεως / |c Σπύρου Μ. Καλλιάφα. |
| 250 | |a 3η έκδ. βελτιωθείσα και λίαν επαυξηθείσα. | ||
| 260 | |a [Αθήναι] : |b Χριστιανική Ένωσις Εκπαιδευτικών Λειτουργών, |c [1969]. | ||
| 300 | |a 143 σ. ; |c 21 εκ. | ||
| 504 | |a Περιλαμβάνει βιβλιογραφικές παραπομπές. | ||
| 650 | 0 | |a Child development |x Psychological aspects. | |
| 650 | 0 | |a Perception in children. | |
| 650 | 0 | |a Child psychology. | |
| 852 | |a INST |b RHODES |c AKA |e 20190806 |h 155.4 ΚΑΛ |p 005400041056 |q 005400041056 |t BK |y 0 | ||
| 970 | |z 06-08-2019 | ||